000 00731cam a22002533a 4500
001 25586
003 PGUSA
005 20140828083541.0
008 080524s2008||||xxu|||||s|||||000 e eng d
040 _aPGUSA
_beng
042 _adc
050 4 _aPS
100 1 _aCather, Willa,
_d1873-1947
245 1 2 _aA Collection of Stories, Reviews and Essays
_h[electronic resource] /
_cWilla Cather
260 _bProject Gutenberg,
_c2008
506 _aPublic domain in the USA.
516 _aElectronic text
653 _aShort stories
653 _aUnited States -- Social life and customs -- Fiction
653 _aEssays
830 0 _aProject Gutenberg
_v25586
856 4 0 _uhttp://www.gutenberg.org/ebooks/25586
942 _cEB
999 _c254841
_d254841